Geography by letter D - Click - Statistics

General Stats
  • This quiz has been taken 218 times
  • The average score is 12 of 14
Answer Stats
Hint Answer % Correct
The German name for Germany Deutschland
98%
Biggest city on the island of Ireland Dublin
97%
In that city the tallest building in the world is located Dubai
95%
Capital of India Delhi
94%
Capital of Colorado Denver
93%
The second biggest river in Europe Danube
92%
Ukrainian city captured by Russia in 2022 Donetsk
92%
Biggest city in the state of Michigan Detroit
86%
Biggest city in Tanzania(Not Capital) Dar es Salaam
84%
It has a purple parrot on its flag Dominica
84%
It has the oldest official flag on the world Denmark
82%
It is located in the island of Hispaniola Dominican Republic
81%
It was named Zaire DRC
80%
Most populous city in the island of Mindinao Davao
77%
No matching quizzes found
Score Distribution
Percent of People with Each Score
Percentile by Number Answered
Your Score History
You have not taken this quiz